Windows NT performance tuning & optimization / (Record no. 541795)

000 -LEADER
fixed length control field 00545cam a2200169 a 4500
020 ## - INTERNATIONAL STANDARD BOOK NUMBER
International Standard Book Number 0078824966 (pbk.) :
082 00 - DEWEY DECIMAL CLASSIFICATION NUMBER
Classification number 005.4469
Author Mark GAR
-- N-01.P-50
100 1# - MAIN ENTRY--PERSONAL NAME
Personal name Gardinier, Kenton.
9 (RLIN) 36842
245 10 - TITLE STATEMENT
Title Windows NT performance tuning & optimization /
Statement of responsibility, etc. Kenton Gardinier.
260 ## - PUBLICATION, DISTRIBUTION, ETC.
Place of publication, distribution, etc. Berkeley :
Name of publisher, distributor, etc. Osborne/McGraw-Hill,
Date of publication, distribution, etc. c1998.
300 ## - PHYSICAL DESCRIPTION
Extent xxi, 728 p. :
Other physical details ill. ;
Dimensions 24 cm.
500 ## - GENERAL NOTE
General note Includes index.
526 ## - STUDY PROGRAM INFORMATION NOTE
Program name 0
Interest level 0
Reading level 0
Title point value 005_446900000000000_GAR
650 #0 - SUBJECT ADDED ENTRY--TOPICAL TERM
Topical term or geographic name entry element NUST
9 (RLIN) 6342
650 #0 - SUBJECT ADDED ENTRY--TOPICAL TERM
Topical term or geographic name entry element Operating systems (Computers)
9 (RLIN) 6657
942 ## - ADDED ENTRY ELEMENTS (KOHA)
Source of classification or shelving scheme
Koha item type Book
Holdings
Withdrawn status Lost status Source of classification or shelving scheme Damaged status Not for loan Permanent Location Current Location Date acquired Total Checkouts Full call number Barcode Date last seen Price effective from Koha item type
          Military College of Engineering (MCE) Military College of Engineering (MCE) 08/29/2013   005.4469 GAR MCE-44723 08/29/2013 08/29/2013 Book
© 2023 Central Library, National University of Sciences and Technology. All Rights Reserved.